La Formación de valores en la edad preescolar /
Guardado en:
| Hovedforfatter: | |
|---|---|
| Format: | Texto |
| Fag: | |
| Tags: |
Tilføj Tag
Ingen Tags, Vær først til at tagge denne postø!
|
MARC
| LEADER | 00000 a a2200000 04500 | ||
|---|---|---|---|
| 001 | 2896 | ||
| 003 | |||
| 040 | |||
| 100 | |a Grenier Díaz, María Elena | ||
| 245 | |a La Formación de valores en la edad preescolar / |c María Elena Grenier Díaz | ||
| 650 | |a ETICA | ||
| 650 | |a EDUCACION PREPRIMARIA | ||
| 650 | |a NIÑOS | ||
| 650 | |a SOCIALIZACION | ||
| 773 | |g volumen 25, número 4; páginas 552-560 | ||
| 999 | |c 37578 |d 37578 | ||
